000 005030000a22001810004500
020 _a0-340-55671-4
041 0 _aENG
082 0 4 _aG 283.092 M1471t
100 1 _aMcGrath, Alister
245 1 0 _aTo know and serve God : A life of James I. Packer / Alister McGrath
260 _aLondon, Great Britain : Hodder & Stoughton
300 _aXII, 340 Pag
001 8716
942 _cBK
999 _c38840
_d38840
336 _atexto
_btxt
_2rdacontent
337 _2rdamedia
_asin mediación
_bn
338 _2rdacarrier
_avolumen
_bnc